01671 am a2200301 a 450000500170000000800410001702000080005804100080006611001070007424501520018125000110033326000810034430000110042550002460043665300390068265300240072165300450074565300440079065300400083465300280087465300460090265300650094865300770101365300550109065300540114565300720119965300980127120240524091946.0100330s1993||||ag # f l s001 0 spa d aS/N aspa1 aArgentina. Ministerio de Salud y Acción Social de la Nación. bDireccion de Maternidad e Infancia. aPropuesta Normativa Perinatal.bT.2 Atención de las Patologías Perinatales Prevalentes /cMinisterio de Salud y Acción Social de la Nación. a1a ed. aBuenos Aires: bMinisterio de Salud y Acción Social de la Nación;c1993. a286 p. aArgentina. Ministerio de Salud y Acción Social de la Nación (1993). Propuesta Normativa Perinatal. T.2 Atención de las Patologías Perinatales Prevalentes. (1a ed.). Buenos Aires : Ministerio de Salud y Acción Social de la Nación. aEstados hipertensivos del embarazo aDiabetes y embarazo aHemorragias durante el periodo perinatal aAnomalias de la duración del embarazo aRetardo de crecimiento intrauterino aInfecciones perinatales aPatologías maternas y sufrimiento fetal aAnexo I: frecuencia de las patologías maternas prevalentes aAnexo II: tasas de mortalidad perinatal según patologías prevalentes aAnexo III: tablas de medidas ecográficas natales aAnexo IV: definiciones de indicadores perinatales aAnexo V: zidovudina para reducir la transmisión perinatal del HIV aAnexo VI: medicamentos administrados durante el embarazo y sus riesgos potenciales en el feto